Представление документа в формате RUSMARC

ПолеНазваниеЗначение
  Тип записи a
  Библиографический уровень a
001 Контрольный номер UONB/MAIN/d91b81252fe14d018d8c19f3a5b83643
005 Дата корректировки 20260408133000.2
100 Данные общей обработки __
a Данные общей обработки 20260408 ||| 0rusy0189 ca
101 Язык документа 0_
a Язык текста rus
102 Страна публикации __
a Страна публикации RU
200 Заглавие и сведения об ответственности 1_
a Заглавие Отличились в труде
203 Вид содержания и тип средства __
a Вид содержания Текст
b Характеристика содержания визуальный
c Тип средства непосредственный
215 Физическое описание __
c Иллюстрации/тип воспроизводства ил., портр.
330 Аннотация __
a Аннотация В рабочем поселке Сурское чествовали почетных жителей района.
461 Уровень набора _0
1 2000
a Сурская правда
463 Уровень физической единицы _0
1 2000
a № 14 (105216) (3 апреля)
v С. 7
1 2101
d 2026
1 001UONB/MAIN/067fccd0cc324d79a22b8f15c269d01d
600 Персоналии _1
a Персоналии (Фамилия) Казакова
b Персоналии (Имя, инициалы) М. Н.
g Полное имя Марина Николаевна
600 Персоналии _1
a Персоналии (Фамилия) Прыгунов
b Персоналии (Имя, инициалы) М. С.
g Полное имя Михаил Степанович
600 Персоналии _1
a Персоналии (Фамилия) Макаров
b Персоналии (Имя, инициалы) Д. В.
g Полное имя Данил Владимирович
600 Персоналии _1
a Персоналии (Фамилия) Панфилова
b Персоналии (Имя, инициалы) И. Н.
g Полное имя Ирина Николаевна
600 Персоналии _1
a Персоналии (Фамилия) Шуватов
b Персоналии (Имя, инициалы) А.
g Полное имя Андрей
600 Персоналии _1
a Персоналии (Фамилия) Спиридонова
b Персоналии (Имя, инициалы) Е. В.
g Полное имя Елена Викторовна
600 Персоналии _1
a Персоналии (Фамилия) Хуснетдинова
b Персоналии (Имя, инициалы) Е. К.
g Полное имя Елена Константиновна
600 Персоналии _1
a Персоналии (Фамилия) Потехина
b Персоналии (Имя, инициалы) Т. Н.
g Полное имя Татьяна Николаевна
607 Географические рубрики __
a Географическое наименование Сурское, рабочий поселок (Сурский район ; Ульяновская область)
610 Ключевые слова 0_
a Ключевые слова учителя; доски почета; почетные граждане; участники СВО; учащиеся; врачи; библиотекари; бухгалтеры; трактористы
686 Индексы других классификаций __
2 Код системы rubbk
a Классификационный индекс 0Д1
801 Источник записи _0
a Страна RU
b Организация Ульяновская ОНБ
c Дата составления 20260408
g Правила каталогизации RCR
801 Источник записи _1
a Страна RU
b Организация Ульяновская ОНБ
c Дата составления 20260408
g Правила каталогизации RCR
901 Тип документа __
t Тип документа f
w Контрольный № источника UONB/MAIN/067fccd0cc324d79a22b8f15c269d01d
909 Создатель записи __
a Создатель записи Логинова
b Дата создания записи 20260408